000 nam a22 7a 4500
999 _c2747
_d2747
005 20170517161133.0
008 170517b2006 ilu||||| |||| 00| 0 eng d
020 _a1419535498 (alk. paper)
_a9781419535499 (alk. paper)
040 _aAKMAL
082 _a650.1 CHA
090 _a650.1
_bCHA
245 0 0 _aChanging roles :
_bavoiding the transition traps /
_cDuke Corporate Education ; Blair Sheppard ... [et al.].
260 _aChicago, IL :
_bKaplan Pub.,
_cc2006
300 _axvi, 95 p. :
_b ill. ;
_c24 cm
504 _a Includes bibliographical references (p. 91-92) and index.
650 0 _aCareer development.
_9568
650 0 _aOrganizational change.
_9567
650 0 _aCareer changes.
_95794
650 0 _aAdaptability (Psychology)
_95795
710 2 _aDuke Corporate Education.
_95796
856 4 1 _uhttp://www.loc.gov/catdir/toc/ecip0610/2006008085.html
856 4 2 _uhttp://www.loc.gov/catdir/enhancements/fy0712/2006008085-d.html
856 4 2 _u http://www.loc.gov/catdir/enhancements/fy0735/2006008085-b.html
942 _2ddc
_cBOOK